Quick Pick: Crayola Crayons Quiz Stats

Quiz Updated Jul 22, 2016

Challenge
Share
Tweet
Embed
Score 0/12 Timer 01:00
0 Plays Today
% Correct
Granny
94.1%
Yellow
93.5%
Candy
93.3%
Forest
91.6%
Razzle
85.2%
Pink
84.9%
Majesty
82.9%
Orange
81.4%
Brass
79.8%
Wild
65.7%
Sienna
61.6%
Vivid
40.1%

Today's Daily Dose

Missing Word
For Dummies Books

Word Ladder
Ariana Grande

Quick Pick
1970s Authors

On This Day
June 21st II

You're not logged in!

Compare scores with friends on all Sporcle quizzes.
Join for Free
OR
Log In

You Might Also Like...

Show Comments

Extras

Top Quizzes Today


Score Distribution

Your Account Isn't Verified!

In order to create a playlist on Sporcle, you need to verify the email address you used during registration. Go to your Sporcle Settings to finish the process.

Report this User

Report this user for behavior that violates our Community Guidelines.

Details: